Les rapaces en images (oiseaux) - Statistiques

Statistiques générales
  • Ce quiz a été pris 43 fois
  • Le résultat moyen est 18 sur 61
Statistiques - réponses
Par images Réponse % Correct
Aigle royal
96%
Faucon pèlerin
93%
Vautour fauve
79%
Faucon crécerelle
71%
Milan royal
68%
Condor des Andes
64%
Harpie féroce
64%
Chouette hulotte
61%
Gypaète barbu
61%
Hibou moyen-duc
61%
Pygargue à tête blanche
61%
Autour des palombes
50%
Buse variable
50%
Harfang des neiges
50%
Vautour moine
50%
Vautour percnoptère
43%
Busard Saint-Martin
39%
Elanion blanc
39%
Epervier d'Europe
39%
Hibou des marais
39%
Grand-duc d'Europe
32%
Urubu à tête rouge
32%
Chouette lapone
29%
Effraie des clochers
29%
Messager sagittaire
29%
Aigle des singes
25%
Balbuzard pêcheur
25%
Bondrée apivore
25%
Circaète Jean-le-Blanc
25%
Condor de Californie
25%
Petit-duc scops
25%
Vautour oricou
25%
Bateleur des savanes
21%
Busard des roseaux
21%
Buse de Harris
21%
Caracara huppé
21%
Sarcoramphe roi
21%
Chevêche d'Athéna
18%
Chouette épervière
18%
Pygargue empereur
18%
Pygargue vocifère
18%
Aigle botté
14%
Faucon kobez
14%
Palmiste africain
11%
Serpentaire bacha
11%
Baza huppé
7%
Chouette à lunettes
7%
Vautour à tête blanche
7%
Busard de Maillard
4%
Busautour des sauterelles
4%
Carnifex ardoisé
4%
Chouette-pêcheuse de Pel
4%
Duc à aigrettes
4%
Fauconnet d'Afrique
4%
Grand-duc de Verreaux
4%
Gymnogène d'Afrique
4%
Kétoupa roux
4%
Macagua rieur
4%
Ninoxe aboyeuse
4%
Nyctale de Harris
4%
Phodile calong
4%
Aucun quiz correspondant
Distribution des résultats
% des personnes avec chaque résultat
Percentile par nombre de réponses
Votre historique - résultats
Vous n’avez pas pris ce quiz